Guess Then NBA Player By Clues 3 - Statistics

General Stats
  • This quiz has been taken 79 times
  • The average score is 7 of 12
Answer Stats
Question Answer % Correct
his nickname is white chocolate Jason Williams
86%
his nickname is The Dream Hakeem Olajuwon
81%
has won 9 NBA championships as a coach and a player Steve Kerr
76%
he won MVP and DPOTY in the same season Giannis Antetokounmpo
71%
won DPOTY as a guard Marcus Smart
71%
He played for the Celtics and the lakers in his career Shaquille O'neal
71%
is part of the 50 40 90 club Kevin Durant
48%
He is a 9x NBA all star and a 1x all star MVP as of 2024 Anthony Davis
43%
has the most career missed free throws with 5805 Wilt Chamberlain
38%
has played with both Michael Jordan and LeBron James in there career Jerry Stackhouse
33%
first NBA player to ever get a triple double Andy Phillip
29%
His career average is 19.6pts. 5.6reb 4.4ast per game Tracy McGrady
29%
No matching quizzes found
Score Distribution
Percent of People with Each Score
Percentile by Number Answered
Your Score History
You have not taken this quiz